ბათუმის შოთა რუსთაველის სახელმწიფო უნივერსიტეტის ბიბლიოთეკა

აღორძინების ეპოქის ფილოსოფია = Philosophy of the renaissance era : (ბიბ.ჩანაწერი № 34792)

000 -ლიდერი
ფიქსირებული სიგრძის საკონტროლო ველი 01239nam a2200265Ia 4500
001 - საკონტროლო ნომერი
საკონტროლო ველი 602
003 - საკონტროლო ნომრის იდენტიფიკატორი
საკონტროლო ველი GE_BSU
005 - ბოლო ოპერაციის თარიღი და დრო
საკონტროლო ველი 20221010150835.0
008 - ფიქსირებული სიგრძის მონაცემთა ელემენტები - ზოგადი ინფორმაცია
ფიქსირებული სიგრძის საკონტროლო ველი 181216s2008||||ge |||||||||||||| ||geo||
020 ## - წიგნის საერთაშორისო სტანდარტული ნომერი
International Standard Book Number 9789941404139
040 ## - კატალოგიზაციის წყარო
Transcribing agency GE_BSU
041 ## - ენის კოდი
Language code of text/sound track or separate title geo
080 ## - უნივერსალური ათობითი კლასიფიკაციის ინდექსი
Universal Decimal Classification number 1
100 ## - მთავარი ჩანაწერი - პიროვნების სახელი
Personal name თევზაძე, გურამ
9 (RLIN) 14126
245 ## - ცნობა სათაურის შესახებ
Title აღორძინების ეპოქის ფილოსოფია = Philosophy of the renaissance era :
Remainder of title (მარსილიო ფიჩინოდან იაკობ ბოემემდე) /
Statement of responsibility, etc გურამ თევზაძე ; [რედ. თენგიზ ირემაძე] ; საქ. მეცნ. ეროვნ. აკად
264 ## - წარმოების, გამოცემის, დისტრიბუციის და სხვა ცნობები
გამოცემის, წარმოების, დისტრიბუციის... ადგილი თბილისი :
გამოცემის, წარმოების, დისტრიბუციის... სახელწოდება ნეკერი,
გამოცემის, წარმოების, დისტრიბუციის... თარიღი 2008.
300 ## - ფიზიკური აღწერა
Extent 254 გვ.;
Other physical details 21 სმ.
501 ## - შენიშვნა თანმხლებ მასალაზე
With note პირთა საძ.: 248-254.
504 ## - BIBLIOGRAPHY, ETC. NOTE
Bibliography, etc ბიბლიოგრ.: გვ. 243-247.
653 ## - INDEX TERM--UNCONTROLLED
Uncontrolled term ფილოსოფია
653 ## - INDEX TERM--UNCONTROLLED
Uncontrolled term ევროპის ქვეყნების ფილოსოფიის ისტორია.
700 ## - ADDED ENTRY--PERSONAL NAME
Personal name ირემაძე, თენგიზ
Relator term რედაქტორი
9 (RLIN) 2229
942 ## - ADDED ENTRY ELEMENTS (KOHA)
Koha item type წიგნი
Source of classification or shelving scheme
ეგზემპლარები
ჩამოწერის სტატუსი დაკარგული ეგზემპლარის სტატუსი კლასიფიკაციის წყარო ან თაროზე გაწყობის სქემა დაზიანების სტატუსი არ გაიცემა მუდმივი მდებარეობა (დაცვის ადგილი) ამჟამინდელი ადგილსამყოფელი თაროზე განთავსების ადგილი შეძენის თარიღი ღირებულება, შესყიდვის ნორმალური ფასი სრული შენახვის შიფრი შტრიხკოდი ბოლო ოპერაციის თარიღი ეგზემპლარის მიმდევრობითი ნომერი (კეტერი?) ფასის ძალაში შესვლის თარიღი ეგზემპლარის სახეობა საჯარო შენიშვნა
          ბათუმის შოთა რუსთაველის სახელმწიფო უნივერსიტეტის მთავარი ბიბლიოთეკა ბათუმის შოთა რუსთაველის სახელმწიფო უნივერსიტეტის მთავარი ბიბლიოთეკა წიგნსაცავი 2018-12-17 10.00 1 თ-41 1617 2018-12-17 1617 2018-12-17 წიგნი 10 ლ.
          ბათუმის შოთა რუსთაველის სახელმწიფო უნივერსიტეტის მთავარი ბიბლიოთეკა ბათუმის შოთა რუსთაველის სახელმწიფო უნივერსიტეტის მთავარი ბიბლიოთეკა წიგნსაცავი 2022-10-10 10.00 1(4)(09) თ-40 28648 2022-10-10 28648 2022-10-10 წიგნი 10 ლ.